000 00616nam a2200193 i 4500
003 IT-RoINE
005 20201215065712.0
008 201215s1944 sp |||||r|||| 00| | spa d
100 0 _94321
_aManuel González García,
_cSanto,
_d1877-1940
245 1 0 _aManual de las Marías de los Sagrarios-Calvarios /
_cManuel González, Obispo de Palencia.
250 _a14ª ed.
260 _aPalencia :
_bEl granito de arena,
_c1944.
300 _a171 p. ;
_c11 cm
336 _2rdacontent
_atext
337 _2rdamedia
_aunmediated
338 _2rdacarrier
_avolume
650 4 _94218
_aLiteratura de devoción
942 _cMTS
999 _c35650
_d35650